[Event "Olomouc Chess Summer 2023 - D1"]
[Site "Olomouc (CZE), Hotel Flora"]
[Date "2023.08.17"]
[Round "7"]
[Board "3"]
[White "Kastner, Oldrich"]
[Black "Jiruse, Josef"]
[Result "1/2-1/2"]
[WhiteElo "2038"]
[BlackElo "1914"]
[PlyCount "0"]
[EventDate "2023.08.12"]
[EventRounds "9"]
[EventCountry "CZE"]

1. d4 f5 2. e4 fxe4 3. Nc3 Nf6 4. Bg5 c6 5. Bxf6 exf6 6. Nxe4 d5 7. Ng3 Qe7+ 8. Qe2
Bg4 9. Qxe7+ Bxe7 10. Bd3 Bd6 11. h3 Be6 12. Nf5 Bxf5 13. Bxf5 Nd7 14. Nf3 g6 15.
Bd3 Kf7 16. O-O Rhe8 17. Rfe1 Rxe1+ 18. Rxe1 Re8 19. Kf1 Rxe1+ 20. Kxe1 Bf4 21. Kd1
Nb6 22. c3 Nc8 23. Ke2 Nd6 24. Nd2 Ke6 25. g3 Bh6  1/2-1/2

[Event "Olomouc Chess Summer 2023 - D1"]
[Site "Olomouc (CZE), Hotel Flora"]
[Date "2023.08.17"]
[Round "7"]
[Board "4"]
[White "Matousek, Petr"]
[Black "Cap, Piotr"]
[Result "0-1"]
[WhiteElo "2063"]
[BlackElo "2136"]
[PlyCount "0"]
[EventDate "2023.08.12"]
[EventRounds "9"]
[EventCountry "CZE"]

1. e4 c6 2. Nc3 d5 3. Nf3 Bg4 4. h3 Bh5 5. exd5 cxd5 6. g4 Bg6 7. Bb5+ Nc6 8. Ne5
Rc8 9. h4 f6 10. h5 Bf7 11. Nxf7 Kxf7 12. d4 e6 13. Rh3 Bd6 14. g5 Nge7 15. h6 g6
16. gxf6 Nf5 17. Bxc6 bxc6 18. Ne2 Qxf6 19. c3 Rhf8 20. Qd3 Kg8 21. Be3 Nxe3 22.
Qxe3 Rce8 23. f3 e5 24. Kf2 e4 25. f4 Bxf4 26. Nxf4 Qxf4+ 27. Qxf4 Rxf4+ 28. Ke2
Kf7 29. c4 g5 30. cxd5 cxd5 31. Rc1 g4 32. Rh5 e3 33. Rxd5 Rf2+ 34. Ke1 g3 35. Rc7+
Kf8 36. Rg5 e2 37. Re5 Rxe5 38. dxe5 g2 39. Kxf2 g1=Q+ 40. Kxg1 e1=Q+ 41. Kg2 Qxe5
42. Rxa7 Qxb2+ 43. Kg3 Qb8+  0-1

[Event "Olomouc Chess Summer 2023 - D1"]
[Site "Olomouc (CZE), Hotel Flora"]
[Date "2023.08.17"]
[Round "7"]
[Board "5"]
[White "Stern, Geoffrey"]
[Black "Malinovsky, Petr"]
[Result "1/2-1/2"]
[WhiteElo "1949"]
[BlackElo "1956"]
[PlyCount "0"]
[EventDate "2023.08.12"]
[EventRounds "9"]
[EventCountry "CZE"]

1. d4 d5 2. Nc3 Bf5 3. f3 e6 4. e4 dxe4 5. fxe4 Bg6 6. Nf3 Bb4 7. Bd3 Nd7 8. O-O
c6 9. a3 Ba5 10. Bf4 Bc7 11. Qd2 Bxf4 12. Qxf4 Qe7 13. Rad1 Ngf6 14. Kh1 Nh5 15.
Qe3 e5 16. d5 O-O 17. dxc6 bxc6 18. Rd2  1/2-1/2

[Event "Olomouc Chess Summer 2023 - D1"]
[Site "Olomouc (CZE), Hotel Flora"]
[Date "2023.08.17"]
[Round "7"]
[Board "6"]
[White "Molnar, Jiri"]
[Black "Nikolaev, Leonid"]
[Result "1/2-1/2"]
[WhiteElo "1918"]
[BlackElo "2285"]
[PlyCount "0"]
[EventDate "2023.08.12"]
[EventRounds "9"]
[EventCountry "CZE"]

1. e4 c5 2. Nc3 Nc6 3. f4 g6 4. Nf3 Bg7 5. Bb5 Nd4 6. O-O a6 7. Be2 d6 8. d3 e6 9.
Nxd4 cxd4 10. Nb1 Ne7 11. Nd2 O-O 12. Nf3 Bd7 13. Qe1 Rc8 14. Bd1 Nc6 15. Qg3 f5
16. Ng5 h6 17. Nf3 Kh7 18. e5 Be8 19. b3 dxe5 20. fxe5 Qd5 21. Ba3 f4 22. Qe1 Rf5
23. Bd6 Nxe5 24. Bxe5 Bxe5 25. Nh4 Rg5 26. Nf3 Rf5 27. Nh4  1/2-1/2

[Event "Olomouc Chess Summer 2023 - D1"]
[Site "Olomouc (CZE), Hotel Flora"]
[Date "2023.08.17"]
[Round "7"]
[Board "7"]
[White "Navratil, Jiri"]
[Black "Llopis de Aysa, Manuel"]
[Result "1/2-1/2"]
[WhiteElo "1899"]
[BlackElo "1995"]
[PlyCount "0"]
[EventDate "2023.08.12"]
[EventRounds "9"]
[EventCountry "CZE"]

1. d4 g6 2. e4 Bg7 3. f4 d5 4. e5 Nh6 5. Nf3 O-O 6. Bd3 c5 7. c3 cxd4 8. cxd4 Nc6
9. Nc3 Bg4 10. Be3 f6 11. O-O e6 12. Qd2 Bxf3 13. Rxf3 fxe5 14. fxe5 Rxf3 15. gxf3
Qh4 16. Ne2 Rf8 17. Rf1 Nf5 18. Bxf5 Rxf5 19. Ng3 Rf7 20. Kg2 Qd8 21. b4 Qb6 22.
Rb1 Qb5 23. Ne2  1/2-1/2

[Event "Olomouc Chess Summer 2023 - D1"]
[Site "Olomouc (CZE), Hotel Flora"]
[Date "2023.08.17"]
[Round "7"]
[Board "8"]
[White "Dusbaba, Karel"]
[Black "Huncar, Martin"]
[Result "1/2-1/2"]
[WhiteElo "1963"]
[BlackElo "1834"]
[PlyCount "0"]
[EventDate "2023.08.12"]
[EventRounds "9"]
[EventCountry "CZE"]

1. c4 e5 2. Nc3 Nc6 3. Nf3 f5 4. e4 fxe4 5. Nxe4 Nf6 6. d3 Nxe4 7. dxe4 Bb4+ 8. Nd2
O-O 9. Bd3 Qh4 10. O-O Nd4 11. a3 Bxd2 12. Bxd2 d6 13. f3 Be6 14. Rc1 c5 15. b4 b6
16. Be3 g5 17. Qe1 Qxe1 18. Rcxe1 h6  1/2-1/2

[Event "Olomouc Chess Summer 2023 - D1"]
[Site "Olomouc (CZE), Hotel Flora"]
[Date "2023.08.18"]
[Round "8"]
[Board "1"]
[White "Bartos, Jan"]
[Black "Wiley, Tom E"]
[Result "1/2-1/2"]
[WhiteElo "2095"]
[BlackElo "2146"]
[PlyCount "0"]
[EventDate "2023.08.12"]
[EventRounds "9"]
[EventCountry "CZE"]

1. d4 Nf6 2. c4 e6 3. Nf3 b6 4. g3 Ba6 5. b3 b5 6. Qc2 bxc4 7. bxc4 Bb4+ 8. Bd2 Bxd2+
9. Nbxd2 O-O 10. Bg2 c5 11. Ne5 Nc6 12. Nxc6 dxc6 13. dxc5 Qd4 14. Nb3 Qxc4 15. Qxc4
Bxc4 16. Bxc6 Rac8 17. Bf3 Bxb3 18. axb3 Rxc5 19. Rxa7 Rb5 20. O-O  1/2-1/2

[Event "Olomouc Chess Summer 2023 - D1"]
[Site "Olomouc (CZE), Hotel Flora"]
[Date "2023.08.18"]
[Round "8"]
[Board "2"]
[White "Cap, Piotr"]
[Black "Kastner, Oldrich"]
[Result "1-0"]
[WhiteElo "2136"]
[BlackElo "2038"]
[PlyCount "0"]
[EventDate "2023.08.12"]
[EventRounds "9"]
[EventCountry "CZE"]

1. d4 e6 2. Nf3 Nf6 3. Bg5 h6 4. Bh4 c5 5. e3 d5 6. Nbd2 Nc6 7. c3 g5 8. Bg3 Nh5
9. Bd3 Nxg3 10. hxg3 Qf6 11. Qe2 cxd4 12. exd4 Bd6 13. Bb5 Bd7 14. Bxc6 bxc6 15.
Ne5 Ke7 16. O-O h5 17. f4 g4 18. f5 Rh7 19. fxe6 Qxe6 20. Rae1 Bxe5 21. dxe5 Qh6
22. Rf6 Qg5 23. Qf2 h4 24. gxh4 Qxh4 25. Rxf7+ Kd8 26. Rxh7 Qxh7 27. e6 Be8 28. Qf4
Qg7 29. Nb3 Kc8 30. Nc5 Rb8 31. Qd6 Rxb2 32. e7  1-0

[Event "Olomouc Chess Summer 2023 - D1"]
[Site "Olomouc (CZE), Hotel Flora"]
[Date "2023.08.18"]
[Round "8"]
[Board "3"]
[White "Jiruse, Josef"]
[Black "Krejci, Jan"]
[Result "1/2-1/2"]
[WhiteElo "1914"]
[BlackElo "2041"]
[PlyCount "0"]
[EventDate "2023.08.12"]
[EventRounds "9"]
[EventCountry "CZE"]

1. f4 d5 2. Nf3 g6 3. g3 Bg7 4. Bg2 c6 5. c3 Bf5 6. Qb3 Qb6 7. Qxb6 axb6 8. d3 Nd7
9. Nd4 Ngf6 10. Nd2 Nc5 11. b3 h5 12. N2f3 Bg4 13. Bd2 Nfd7 14. O-O b5 15. b4 Na4
16. Rac1 Nab6 17. Rc2 O-O 18. Nb3 Nc8 19. Be3 Nd6 20. h3 Bxf3 21. Bxf3 Ra6 22. Bc1
e6 23. Kg2 Rfa8 24. a3 f5 25. g4 hxg4 26. hxg4 Kf7 27. Rh1 e5 28. Nc5 Nxc5 29. bxc5
fxg4 30. Bxd5+ cxd5 31. cxd6 Rxd6 32. fxe5 Bxe5 33. Rh7+ Bg7 34. Bh6 Rg8 35. Rb2
Kf6 36. Bxg7+ Rxg7 37. Rxg7 Kxg7 38. Rxb5 b6 39. Kg3 Re6 40. Kxg4 Rxe2 41. Rxb6 Re3
42. Kg5 Rg3+ 43. Kf4 Rxd3 44. Rc6 d4 45. cxd4  1/2-1/2

[Event "Olomouc Chess Summer 2023 - D1"]
[Site "Olomouc (CZE), Hotel Flora"]
[Date "2023.08.18"]
[Round "8"]
[Board "4"]
[White "Vales, Vaclav"]
[Black "Malinovsky, Petr"]
[Result "1/2-1/2"]
[WhiteElo "2028"]
[BlackElo "1956"]
[PlyCount "0"]
[EventDate "2023.08.12"]
[EventRounds "9"]
[EventCountry "CZE"]

1. Nf3 d5 2. d4 e6 3. c4 c6 4. Nc3 dxc4 5. a4 Bb4 6. e4 b5 7. Be2 Nf6 8. Qc2 Nbd7
9. O-O Bxc3 10. bxc3 O-O 11. e5 Nd5 12. Ng5 g6 13. Ne4 f6 14. f4 N7b6 15. a5 Nd7
16. Rf3 a6 17. Qd1 c5 18. Rh3 Bb7 19. Bf3 Rb8 20. Qe1 Qe7 21. Nd6 Ba8 22. Be4 f5
23. Bxd5 Bxd5 24. Ba3 Bc6 25. dxc5  1/2-1/2

[Event "Olomouc Chess Summer 2023 - D1"]
[Site "Olomouc (CZE), Hotel Flora"]
[Date "2023.08.18"]
[Round "8"]
[Board "5"]
[White "Nikolaev, Leonid"]
[Black "Navratil, Jiri"]
[Result "1-0"]
[WhiteElo "2285"]
[BlackElo "1899"]
[PlyCount "0"]
[EventDate "2023.08.12"]
[EventRounds "9"]
[EventCountry "CZE"]

1. Nf3 d5 2. d4 Nf6 3. c4 e6 4. g3 Be7 5. Bg2 O-O 6. O-O Ne4 7. Nc3 f5 8. Ne5 c6
9. f3 Nxc3 10. bxc3 Nd7 11. Nxd7 Bxd7 12. Rb1 Rb8 13. Bf4 dxc4 14. Bxb8 Qxb8 15.
e4 b5 16. f4 Qc7 17. Re1 Bf6 18. e5 Be7 19. g4 a5 20. gxf5 Rxf5 21. Be4 Rxf4 22.
Qh5 Rxe4 23. Rxe4 c5 24. Rf1  1-0

[Event "Olomouc Chess Summer 2023 - D1"]
[Site "Olomouc (CZE), Hotel Flora"]
[Date "2023.08.18"]
[Round "8"]
[Board "6"]
[White "Molnar, Jiri"]
[Black "Matousek, Petr"]
[Result "0-1"]
[WhiteElo "1918"]
[BlackElo "2063"]
[PlyCount "0"]
[EventDate "2023.08.12"]
[EventRounds "9"]
[EventCountry "CZE"]

1. e4 e6 2. d4 d5 3. exd5 exd5 4. Nf3 Nf6 5. Bd3 Bg4 6. O-O Be7 7. Bg5 O-O 8. Nbd2
c5 9. dxc5 Bxc5 10. Bh4 Qb6 11. Nb3 Nbd7 12. c3 Bd6 13. Be2 Rfe8 14. Nfd4 Bxe2 15.
Nxe2 a5 16. Rb1 Re4 17. Bg3 Ne5 18. Nbd4 Nc6 19. Nxc6 Qxc6 20. Nd4 Qd7 21. f3 Ree8
22. Bh4 Nh5 23. Bf2 Nf4 24. Qc2 Bc5 25. Rfe1 Bxd4 26. Bxd4 Rxe1+ 27. Rxe1 Ne6 28.
Be3 Qb5 29. Qd2 a4 30. Rd1 Rd8 31. Qc2 Qc6 32. b3 b5 33. bxa4 bxa4 34. Bd4 Qc4 35.
Rd2 Rb8 36. Be5 Rb5 37. Bd6 h6 38. Bb4 d4 39. Qd3 Qc6 40. a3 dxc3 41. Qxc3 Qb6+ 42.
Kh1 Qa6 43. Qd3 Re5 44. Qb1 Re2 45. Rd6 Rb2 46. Qc1 Qe2 47. Rd2 Rxd2 48. Bxd2 Nd4
49. h3 Qd3 50. Bb4 Ne2 51. Qe1 f6 52. Bc5 Qc2 53. Bb4 Kf7 54. Bd6 h5 55. Kh2 Qd3
56. Qb4 Qd4 57. Qxd4 Nxd4 58. Kg1 g6 59. Kf2 Ke6 60. Bf8 Kd5 61. g4 Ne6 62. Be7 Ke5
63. gxh5 gxh5 64. Kg3 Ng7 65. Bb4 Nf5+ 66. Kf2 Kd4 67. Bf8 Kd3 68. Bc5 Kc4 69. Bf8
Kb3 70. Ke2 Nd4+ 71. Ke3 Nc2+ 72. Kf4 Nxa3 73. Kf5 Nc2 74. Kxf6 Nb4 75. Kg5 a3 76.
f4 a2 77. Bg7 Nd3 78. Ba1 Kc2 79. f5 Kb1 80. f6 Kxa1 81. f7 Nc5 82. Kf6 Kb1 83. Ke7
a1=Q 84. f8=Q Qe5+ 85. Kf7 Qf5+ 86. Kg8 Qg5+ 87. Qg7 Qd5+ 88. Kh7 Ne6 89. Qg6+ Kb2
90. Kh6 Qd2+ 91. Kh7 Nf8+  0-1

[Event "Olomouc Chess Summer 2023 - D1"]
[Site "Olomouc (CZE), Hotel Flora"]
[Date "2023.08.18"]
[Round "8"]
[Board "7"]
[White "Llopis de Aysa, Manuel"]
[Black "Stern, Geoffrey"]
[Result "1/2-1/2"]
[WhiteElo "1995"]
[BlackElo "1949"]
[PlyCount "0"]
[EventDate "2023.08.12"]
[EventRounds "9"]
[EventCountry "CZE"]

1. d4 e6 2. Nf3 d5 3. c4 Nf6 4. Nc3 Nbd7 5. Bg5 c6 6. e3 Qa5 7. cxd5 Nxd5 8. Qd2
Bb4 9. Rc1 O-O 10. a3 Bxc3 11. bxc3 Qxa3 12. e4 Nc7 13. Bf4 Ne8 14. Bd3 f5 15. exf5
Ndf6 16. O-O exf5 17. Rfe1 Ne4 18. Bxe4  1/2-1/2

[Event "Olomouc Chess Summer 2023 - D1"]
[Site "Olomouc (CZE), Hotel Flora"]
[Date "2023.08.18"]
[Round "8"]
[Board "8"]
[White "Ni, Polina"]
[Black "Dusbaba, Karel"]
[Result "0-1"]
[WhiteElo "1848"]
[BlackElo "1963"]
[PlyCount "0"]
[EventDate "2023.08.12"]
[EventRounds "9"]
[EventCountry "CZE"]

1. e4 e6 2. d4 b6 3. Bd3 Bb7 4. Nf3 c5 5. c3 Nf6 6. Qe2 Nc6 7. a3 Be7 8. O-O d6 9.
h3 O-O 10. Bg5 Nd7 11. Bxe7 Qxe7 12. e5 cxd4 13. cxd4 Na5 14. Nbd2 Bd5 15. b4 Nc6
16. Rac1 f6 17. Bb5 Rac8 18. Ba6 Rcd8 19. Bb5 Ndb8 20. Rc3 Qb7 21. Bc4 fxe5 22. dxe5
Bxc4 23. Nxc4 d5 24. Nd6 Qe7 25. Nb5 Rf4 26. Qc2 Qd7 27. g3 Rxf3 28. Rxf3 Nxe5 29.
Rf4 Qxb5 30. Qc7 Nbc6 31. Re1 Re8 32. Rxe5 Nxe5 33. Qxe5 Qd7 34. h4 Rd8 35. Rd4 Rf8
36. g4 Qf7 37. Rd2 Qf6 38. Qh5 g6 39. Qh6 Qf4 40. Qg5 Qxg5 41. hxg5 Rf4 42. Kf1 Rxg4
43. Rc2 Rc4 44. Rxc4 dxc4 45. b5 e5 46. Ke2 Kf7 47. Kd2 Ke6 48. Kc3 Kd5  0-1

[Event "Olomouc Chess Summer 2023 - D1"]
[Site "Olomouc (CZE), Hotel Flora"]
[Date "2023.08.19"]
[Round "9"]
[Board "1"]
[White "Cap, Piotr"]
[Black "Bartos, Jan"]
[Result "1/2-1/2"]
[WhiteElo "2136"]
[BlackElo "2095"]
[PlyCount "0"]
[EventDate "2023.08.12"]
[EventRounds "9"]
[EventCountry "CZE"]

1. d4 Nf6 2. Bg5 g6 3. Bxf6 exf6 4. e3 d5 5. g3 h5 6. h4 Bg4 7. Be2 Bxe2 8. Nxe2
Nd7 9. Nbc3 Nb6 10. Qd3 f5 11. Nf4 c6 12. Nce2 Qe7 13. b3 Qe4 14. Qxe4+ fxe4 15.
a4 a5 16. O-O Be7 17. Rfc1 g5 18. hxg5 Bxg5 19. Kg2 O-O-O 20. c4  1/2-1/2

[Event "Olomouc Chess Summer 2023 - D1"]
[Site "Olomouc (CZE), Hotel Flora"]
[Date "2023.08.19"]
[Round "9"]
[Board "2"]
[White "Wiley, Tom E"]
[Black "Jiruse, Josef"]
[Result "1/2-1/2"]
[WhiteElo "2146"]
[BlackElo "1914"]
[PlyCount "0"]
[EventDate "2023.08.12"]
[EventRounds "9"]
[EventCountry "CZE"]

1. d4 Nf6 2. c4 e6 3. Nc3 b6 4. e4 d6 5. Bd3 Bb7 6. f3 Nbd7 7. Be3 Be7 8. Nh3 c5
9. d5 a6 10. a4 a5 11. Qd2 Nf8 12. Nf2 e5 13. O-O-O Qd7 14. g3 O-O-O 15. Bf1 Kb8
16. h4 h5 17. Bh3 Qe8 18. f4 Bc8 19. Bxc8 Kxc8 20. Qe2 Ng6 21. f5 Nf8 22. g4 hxg4
23. Nxg4 Nh5 24. Rdg1 Nd7 25. Nb5 Kb7 26. Qf3 Qf8 27. Nf2 Ra8 28. Nd3 Qd8 29. Bg5
Ndf6 30. Nc3 Qd7 31. b3 Rh7 32. Ne2 Rah8 33. Rh2 Qd8 34. Rhg2 Kc7 35. Kd2 Kd7 36.
Ke1 Kc7 37. Kd2 Kd7 38. Kc2 Qb8 39. Nc3 Kc7 40. Nb5+ Kb7 41. Kc3  1/2-1/2

[Event "Olomouc Chess Summer 2023 - D1"]
[Site "Olomouc (CZE), Hotel Flora"]
[Date "2023.08.19"]
[Round "9"]
[Board "3"]
[White "Krejci, Jan"]
[Black "Nikolaev, Leonid"]
[Result "0-1"]
[WhiteElo "2041"]
[BlackElo "2285"]
[PlyCount "0"]
[EventDate "2023.08.12"]
[EventRounds "9"]
[EventCountry "CZE"]

1. Nf3 c5 2. c4 g6 3. e4 Nc6 4. d4 cxd4 5. Nxd4 Nf6 6. Nc3 d6 7. Be2 Nxd4 8. Qxd4
Bg7 9. Be3 O-O 10. Qd2 a5 11. a4 Nd7 12. Rd1 b6 13. Bh6 Bb7 14. h4 Nf6 15. h5 Qc8
16. f3 Bxh6 17. Qxh6 Qc5 18. hxg6 fxg6 19. Kd2 Rf7 20. Kc2 Nh5 21. Rh4 Raf8 22. Rg4
Nf4 23. Bf1 Qh5 24. Qxh5 Nxh5 25. Rg5 Bc6 26. c5 h6 27. Rxg6+ Kh7 28. Rg4 dxc5 29.
e5 Nf4 30. Bd3+ Nxd3 31. Rxd3 Rg7 32. Rxg7+ Kxg7 33. b3 Kf7 34. g3 Ke6 35. f4 h5
36. Re3 h4 37. gxh4 Rxf4 38. Rh3 Kf5 39. Ne2 Rf2 40. Kd2 Bf3 41. Ke3 Rxe2+ 42. Kxf3
Rb2 43. Rh1 Rxb3+ 44. Kf2 Kg6 45. Rg1+ Kf5 46. Rh1 Kf4 47. Ke2 Ke4 48. Kd2 Rd3+ 49.
Kc2 Rd8 50. h5 Rh8 51. h6 Rh7 52. e6 Kd5 53. Kc3 Kxe6 54. Rb1 Kd5 55. Rxb6 e6 56.
Ra6 Rxh6 57. Rxa5 Rh3+ 58. Kc2 Kc4 59. Ra8 Rh2+ 60. Kd1 Ra2 61. a5 Kd3 62. Rd8+ Kc3
63. Ra8 c4 64. a6 Rd2+ 65. Kc1 Rd6 66. a7 Rd7 67. Kb1 e5 68. Re8 Rb7+  0-1

[Event "Olomouc Chess Summer 2023 - D1"]
[Site "Olomouc (CZE), Hotel Flora"]
[Date "2023.08.19"]
[Round "9"]
[Board "4"]
[White "Malinovsky, Petr"]
[Black "Matousek, Petr"]
[Result "1-0"]
[WhiteElo "1956"]
[BlackElo "2063"]
[PlyCount "0"]
[EventDate "2023.08.12"]
[EventRounds "9"]
[EventCountry "CZE"]

1. d4 Nf6 2. c4 g6 3. f3 Bg7 4. e4 d6 5. Nc3 Nbd7 6. Nge2 e5 7. d5 Nh5 8. Be3 O-O
9. Qd2 a6 10. g4 Nf4 11. Nxf4 exf4 12. Bxf4 f5 13. gxf5 Ne5 14. Be2 Qh4+ 15. Bg3
Qh3 16. O-O-O gxf5 17. Kb1 fxe4 18. fxe4 b5 19. Rdg1 Ng6 20. Bf1 Rxf1+ 21. Rxf1 Bd7
22. c5 b4 23. Nd1 Bb5 24. Rfg1 a5 25. Nf2 Qd7 26. c6 Qe7 27. h4 Ne5 28. Bxe5 dxe5
29. Nh3 Kh8 30. Ng5 Qf6 31. Rh2 Rf8 32. Rhg2 Bh6 33. Nf7+ Qxf7 34. Qxh6 Bd3+ 35.
Kc1 Bxe4 36. Qg7+ Qxg7 37. Rxg7 Bxd5 38. Rxc7 Bxa2 39. Re7 Bd5 40. c7 a4 41. Rd1
Bg8 42. Rd8 Rf1+ 43. Kd2 Rf2+ 44. Ke3 Rc2 45. c8=Q Rxc8 46. Rxc8 a3 47. bxa3 bxa3
48. Ra7  1-0

[Event "Olomouc Chess Summer 2023 - D1"]
[Site "Olomouc (CZE), Hotel Flora"]
[Date "2023.08.19"]
[Round "9"]
[Board "6"]
[White "Dusbaba, Karel"]
[Black "Llopis de Aysa, Manuel"]
[Result "1-0"]
[WhiteElo "1963"]
[BlackElo "1995"]
[PlyCount "0"]
[EventDate "2023.08.12"]
[EventRounds "9"]
[EventCountry "CZE"]

1. c4 g6 2. Nc3 Bg7 3. d4 d6 4. e4 e5 5. Be3 exd4 6. Bxd4 Nf6 7. f3 O-O 8. Qd2 Be6
9. Bd3 c6 10. Nge2 d5 11. cxd5 cxd5 12. exd5 Nxd5 13. Bxg7 Kxg7 14. Be4 Nb4 15. Qd4+
Qxd4 16. Nxd4 N8c6 17. Nxe6+ fxe6 18. a3 Na6 19. b4 Nc7 20. O-O-O Rad8 21. Rhe1 Rxd1+
22. Rxd1 Rd8 23. Bxc6 Rxd1+ 24. Kxd1 bxc6 25. Kd2 Kf6 26. Kd3 Nd5 27. Ne4+ Ke7 28.
g3 h6 29. Kd4 Kd7 30. Nf2 Nf6 31. Nd3  1-0

[Event "Olomouc Chess Summer 2023 - D1"]
[Site "Olomouc (CZE), Hotel Flora"]
[Date "2023.08.19"]
[Round "9"]
[Board "7"]
[White "Stern, Geoffrey"]
[Black "Kucera, Jiri"]
[Result "1/2-1/2"]
[WhiteElo "1949"]
[BlackElo "1885"]
[PlyCount "0"]
[EventDate "2023.08.12"]
[EventRounds "9"]
[EventCountry "CZE"]

1. d4 d6 2. Nc3 Nf6 3. e4 c6 4. a4 Qa5 5. Bd2 e5 6. dxe5 dxe5 7. Nd5 Qd8 8. Nxf6+
Qxf6 9. Qf3 Qxf3 10. Nxf3 f6 11. Bc4 Bg4 12. Nh4 Nd7 13. f3 Bh5 14. a5 Bf7 15. Bxf7+
Kxf7 16. Nf5 g6 17. Ne3 Bh6 18. O-O-O Rhd8 19. Nc4 Bf8 20. Be3  1/2-1/2

[Event "Olomouc Chess Summer 2023 - D1"]
[Site "Olomouc (CZE), Hotel Flora"]
[Date "2023.08.19"]
[Round "9"]
[Board "8"]
[White "Pribyl, Rene"]
[Black "Petras, Milan"]
[Result "1/2-1/2"]
[WhiteElo "1901"]
[BlackElo "1924"]
[PlyCount "0"]
[EventDate "2023.08.12"]
[EventRounds "9"]
[EventCountry "CZE"]

1. d4 Nf6 2. c4 e6 3. Nc3 Bb4 4. Bd2 d5 5. e3 O-O 6. a3 Bxc3 7. Bxc3 Ne4 8. Nf3 f5
9. g3 c6 10. Qc2 Nd7 11. Bd3 a5 12. b4 axb4 13. axb4 Rxa1+ 14. Bxa1 g5 15. h4 h6
16. hxg5 hxg5 17. Bb2 Kg7 18. Ke2 Rh8 19. Qb1 Ndf6 20. Ne5 Nd7 21. Qg1 Nxe5 22. dxe5
dxc4 23. Bxe4 fxe4 24. Bd4 c3 25. Rxh8 Qxh8 26. Bxc3 b6 27. Qa1 Kg6 28. Qa7 Qd8 29.
Bd4 Qd5 30. Qxb6 Qc4+ 31. Kd2 Ba6 32. Qc5 Qd3+ 33. Kc1 Qf1+ 34. Kb2 Qxf2+ 35. Qc2
Qxc2+ 36. Kxc2 Kf5 37. Bc5 Kxe5 38. Kd2 Kf5 39. Ke1 Kg4 40. Kf2 Bb5 41. Bd4 Bc4  1/2-1/2

[Event "Olomouc Chess Summer 2023 - D2"]
[Site "Olomouc (CZE), Hotel Flora"]
[Date "2023.08.12"]
[Round "1"]
[Board "2"]
[White "Hlousek, Milan"]
[Black "Sejkora, Vlastimil"]
[Result "0-1"]
[WhiteElo "1740"]
[BlackElo "2139"]
[PlyCount "0"]
[EventDate "2023.08.12"]
[EventRounds "9"]
[EventCountry "CZE"]

1. e4 c5 2. a3 Nc6 3. b4 cxb4 4. axb4 Nxb4 5. c3 Nc6 6. d4 d5 7. e5 g6 8. Bf4 h5
9. h4 Bh6 10. Bg3 Qb6 11. Ra2 Bd7 12. Nf3 Rc8 13. Bd3 e6 14. O-O Nge7 15. Qe2 Na5
16. Ng5 Bxg5 17. hxg5 a6 18. Rb2 Qc7 19. Rc1 Nc4 20. Bxc4 dxc4 21. Nd2 Nd5 22. Ne4
b5 23. Nd6+ Ke7 24. Qf3 Rh7 25. Nxc8+ Bxc8 26. Bh4 Bb7 27. Qg3 Kd7 28. Re2 Ne7 29.
f3 Qc6 30. Qe1 Nf5 31. Bf2 Qc8 32. Qd2 h4 33. Qb2 h3 34. Be1 hxg2 35. Rxg2 Bxf3 36.
Rh2 Rxh2 37. Qxh2 Bb7 38. Bd2 Qc6 39. Re1 Nh4 40. Kf2 Nf3 41. Qh7 Nxg5 42. Bxg5 Qf3+
 0-1

[Event "Olomouc Chess Summer 2023 - D2"]
[Site "Olomouc (CZE), Hotel Flora"]
[Date "2023.08.12"]
[Round "1"]
[Board "3"]
[White "Kubicek, Antonin"]
[Black "Klimes, Jiri"]
[Result "1-0"]
[WhiteElo "2068"]
[BlackElo "1719"]
[PlyCount "0"]
[EventDate "2023.08.12"]
[EventRounds "9"]
[EventCountry "CZE"]

1. d4 Nf6 2. Nf3 g6 3. Bg5 Bg7 4. Nbd2 O-O 5. e3 d5 6. h3 c5 7. c3 Nbd7 8. Bd3 Qb6
9. Rb1 Re8 10. O-O e5 11. dxe5 Nxe5 12. Nxe5 Rxe5 13. Bf4 Re7 14. c4 Be6 15. cxd5
Bxd5 16. Nc4 Bxc4 17. Bxc4 Ne4 18. Qc2 Nd6 19. Bd5 Kf8 20. Rfd1 Rd8 21. Bg5 f6 22.
Bf4 Nc8 23. Bb3 Nd6 24. Bxd6 Rxd6 25. Rxd6 Qxd6 26. Rd1 Qa6 27. Rd8+ Re8 28. Qxc5+
 1-0

[Event "Olomouc Chess Summer 2023 - D2"]
[Site "Olomouc (CZE), Hotel Flora"]
[Date "2023.08.12"]
[Round "1"]
[Board "4"]
[White "Bohman, Leif"]
[Black "Lorenc, Oldrich"]
[Result "0-1"]
[WhiteElo "1715"]
[BlackElo "2043"]
[PlyCount "0"]
[EventDate "2023.08.12"]
[EventRounds "9"]
[EventCountry "CZE"]

1. d4 c5 2. Nf3 Nf6 3. c3 e6 4. Bf4 Nc6 5. e3 d5 6. Bd3 cxd4 7. exd4 Bd6 8. Bg3 O-O
9. Qe2 a6 10. a4 Re8 11. Ne5 Qc7 12. O-O Ne7 13. f4 Nf5 14. Bf2 Bf8 15. g4 Nd6 16.
Nd2 g6 17. h4 Bd7 18. Bg3 Bc6 19. h5 Nfe4 20. Bh2 f6 21. Nxc6 Qxc6 22. Nf3 Bg7 23.
Qc2 b5 24. Nd2 f5 25. hxg6 hxg6 26. g5 b4 27. Rac1 bxc3 28. Nf3 Qb6 29. bxc3 Rac8
30. Bxe4 Nxe4 31. Qd3 Rc4 32. Rb1 Qc7 33. Rb3 Nxc3 34. Kg2 Rc8 35. Re1 Ne4 36. Re2
Rxa4 37. Reb2 Qc4 38. Bg1 a5 39. Be3 Rb4  0-1

[Event "Olomouc Chess Summer 2023 - D2"]
[Site "Olomouc (CZE), Hotel Flora"]
[Date "2023.08.12"]
[Round "1"]
[Board "5"]
[White "Groh, Jiri"]
[Black "Svec, Jan"]
[Result "1-0"]
[WhiteElo "2004"]
[BlackElo "1708"]
[PlyCount "0"]
[EventDate "2023.08.12"]
[EventRounds "9"]
[EventCountry "CZE"]

1. Nf3 d5 2. d4 e6 3. c4 Nf6 4. Bg5 Be7 5. e3 h6 6. Bh4 Ne4 7. Bxe7 Qxe7 8. Nc3 Qb4
9. Qc2 Nxc3 10. bxc3 Qe7 11. Be2 Nd7 12. O-O O-O 13. cxd5 exd5 14. c4 c6 15. cxd5
cxd5 16. Rac1 Nb6 17. Ne5 Be6 18. a4 Rac8 19. Qb3 Rxc1 20. Rxc1 Rc8 21. Rxc8+ Nxc8
22. Qc3 Qd8 23. h3 Ne7 24. Bf3 a6 25. Nd3 Bd7 26. Qb4 Bc6 27. Ne5 Nc8 28. Nxc6 bxc6
29. Qb7 Qe8 30. Qxa6 Nd6 31. Bxd5  1-0

[Event "Olomouc Chess Summer 2023 - D2"]
[Site "Olomouc (CZE), Hotel Flora"]
[Date "2023.08.12"]
[Round "1"]
[Board "6"]
[White "Prachar, Josef"]
[Black "Kudrlicka, Ladislav"]
[Result "0-1"]
[WhiteElo "1707"]
[BlackElo "1993"]
[PlyCount "0"]
[EventDate "2023.08.12"]
[EventRounds "9"]
[EventCountry "CZE"]

1. d4 d5 2. c4 e6 3. Nc3 Nf6 4. cxd5 exd5 5. Bg5 c6 6. Qc2 Be7 7. e3 O-O 8. Bd3 Nbd7
9. Nge2 Re8 10. O-O Nf8 11. f3 Ne6 12. Bxf6 Bxf6 13. Bxh7+ Kh8 14. Bd3 g6 15. Ng3
Ng7 16. Rae1 Bh4 17. Re2 Bxg3 18. hxg3 Qg5 19. e4 Be6 20. f4 Qxg3 21. Rf3 Qg4 22.
Ref2 dxe4 23. Nxe4 Bf5 24. Rg3 Qh4 25. Qc3 Kg8 26. Re3 Nh5 27. Nd6 Rxe3 28. Nxf5
gxf5  0-1